skbl

Dr Suryya Kumar Bhuyan Library Web-OPAC
ডঃ সূৰ্য্য
কুমাৰ ভূঞা পুথিভঁৰাল ৱেব-অ'পেক

All Research Scholars are advised to clear the annual library fees to continue using Library Resources, Remote Access, Plagiarism Test and Library Clearance.

Cotton University Book Fair 2026

Dilli ki khoj (Record no. 62247)

MARC details
000 -LEADER
fixed length control field 00450nam a2200157Ia 4500
001 - CONTROL NUMBER
control field 61133
008 - FIXED-LENGTH DATA ELEMENTS--GENERAL INFORMATION
fixed length control field 161215n ii |||gr||||Z||||||hin
082 ## - DEWEY DECIMAL CLASSIFICATION NUMBER
Classification number 891.4309
100 ## - MAIN ENTRY--PERSONAL NAME
Personal name Chandiwala, Brojakishan,
Relator term Author.
245 #0 - TITLE STATEMENT
Title Dilli ki khoj
Statement of responsibility, etc. Brojakishan Chandiwala
Medium Textual Documents
260 ## - PUBLICATION, DISTRIBUTION, ETC.
Place of publication, distribution, etc. Delhi:
Name of publisher, distributor, etc. Prakashan Bibhag suchana aur mantralaya bharat Sarkar.
300 ## - PHYSICAL DESCRIPTION
Extent 318p:
Dimensions 21cm.
653 ## - INDEX TERM--UNCONTROLLED
Uncontrolled term Hindi
653 ## - INDEX TERM--UNCONTROLLED
Uncontrolled term G-Hindi
942 ## - ADDED ENTRY ELEMENTS (KOHA)
Source of classification or shelving scheme Dewey Decimal Classification
Koha item type Books
Holdings
Withdrawn status Lost status Damaged status Not for loan Collection Home library Current library Shelving location Date acquired Total checkouts Full call number Barcode Date last seen Copy number Price effective from Koha item type
          Dr. Suryya Kumar Bhuyan Library Dr. Suryya Kumar Bhuyan Library   15/12/2016   891.4309 Ch 36 Di 3267/Gift 14/01/2024 1 15/12/2016 Books

Designed and Maintained by Team SKBL
©1901-2026

Powered by Koha